000 03400nas a2200397 i 4500
001 172604
003 ES-MaACL
005 20250928145929.0
007 t|
008 090727c1875 sp a| | 1 ||pa d
080 _a3 : 061.12(460)
110 2 _aReal Academia de Ciencias Morales y Políticas (España)
_9222050
245 1 0 _aDiscursos de recepción leídos en la Real Academia de Ciencias Morales y Políticas
_g1860-1875.
260 _aMadrid :
_b[s. n.],
_c1875 (
_fImp. de Fermín Martínez García)
300 _a1 v. ;
_c26 cm.
505 8 _aContiene: T. I: Influencia de la moral cristiana en nuestra civilización e impotencia de la moral filosófica para obtenerla / Miguel Sanz (26 p.). Contestación / Santiago de Tejada (p. 27-101). Reflexiones sobre la importancia que va adquiriendo el estudio de la economía política / Luis María Pastor (p. 103-129). Contestación / Antonio Benavides (p. 130-149). Relaciones de la economía política con la moral y el derecho / Santiago Diego Madrazo (p. 151-196). Contestación / Manuel Colmeiro (p. 197-204). Necesidad y urgencia de mejorar el sistema carcelario y penitenciario de España / Antonio Aguilar y Correa (p. 205-233). Contestación / Manuel Colmeiro (p. 234-244). El hombre es perfectible, pero no infinitamente perfectible / Fermín Caballero (p. 245-322). Contestación / Laureano Figuerola (p. 323-333). De las regalías de la Corona / Juan Martín Carramolino (p. 335-363). Contestación / Antonio Benavides (p. 365-382). Demostración de que en la religión católica el criterio de la verdad, en los misterios de la fe y en las costumbres, no es la razón natural, sino la autoridad de la Iglesia docente / Juan Antonio Andonaegui (p. 383- 409). Contestación / Juan Martín Carramolino (p. 411-420). De la sociedad y el socialismo / José Lorenzo Figueroa (p .421-456). Contestación / Marqués de Molins (p. 456-484). Patología social: breve estudio sobre la criminalidad / Pedro Felipe Monlau (p. 485-517). Contestación / Miguel Sanz y de la Fuente (p. 519-539). Contestación al discurso sobre "noción del Estado" de Manuel Alonso Martínez / Florencio Rodríguez Vaamonde (p. 541-571). De la perfectibilidad humana / Lope Gisbert (p. 573-613). Contestación / Luis María Pastor (p. 615-635). La separación de la Iglesia y el Estado / Vicente de la Fuente (p. 637-726). Contestación / Manuel Colmeiro (p. 727-739).
700 1 _aSanz Lafuente, Miguel,
_d1804-1880
_9132464
700 1 _aTejada, Santiago de.
_9133165
700 0 _aPastor, Luis María.
_989484
700 1 _aBenavides, Antonio,
_d1808-1884
_927448
700 1 _aMadrazo, Santiago Diego.
_975341
700 1 _aColmeiro, Manuel (
_d1818-1894)
_939768
700 1 _aAguilar y Correa, Antonio,
_cMarqués de la Vega de Armijo,
_d1824-1908
_918751
700 1 _aCaballero, Fermín,
_d1800-1876
_933078
700 1 _aFiguerola, Laureano,
_d1816-1903
_950808
700 1 _aMartín Carramolino, Juan,
_d1805-1884
_977431
700 1 _aBenavides, Antonio,
_d1808-1884
_927448
700 1 _aAndonaegui, Juan Antonio.
_921500
700 1 _aFigueroa, José Lorenzo.
_9127075
700 1 _aMonlau, Pedro Felipe,
_d1808-1871
_982226
700 1 _aRodríguez Vaamonde, Florencio.
_998847
700 1 _aGisbert, Lope.
_957322
700 1 _aFuente, Vicente de la,
_d1817-1889
_952857
852 _aES-MaACL
_jK-183
999 _c172604
_d172604